Представление документа в формате RUSMARC

ПолеНазваниеЗначение
  Тип записи a
  Библиографический уровень m
001 Контрольный номер 99c8ce07b1e641769b5a8bd9eff5a91a
005 Дата корректировки 20221006145450.7
010 Индекс ISBN __
a ISBN 978-3-030-79-6999-4
d Цена подарочная
101 Язык документа 0_
a Язык текста rus
102 Страна публикации __
a Страна публикации RU
200 Заглавие и сведения об ответственности 1_
a Заглавие Cooperation and Sustainable Development
b Общее обозначение материала Текст
h Номер части Volume 2
e Сведения, относящиеся к заглавию курс лекций на английском языке
f Первые сведения об ответственности Aleksei V. Bogoviz:
210 Выходные данные 1_
d Дата издания 2022
215 Физическое описание __
a Объем 854 с.
610 Ключевые слова 0_
a Ключевые слова сотрудничество
a Ключевые слова устойчивое развитие
686 Индексы других классификаций __
a Классификационный индекс 65.29
700 Автор _1
a Фамилия Aleksei V. Bogoviz:
801 Источник записи _0
a Страна RU
b Организация РУК
g Правила каталогизации PSBO
801 Источник записи _1
a Страна RU
b Организация РУК
g Правила каталогизации PSBO
852 Данные о местонахождении __
j Шифр хранения 65.29
901 Тип документа __
t Тип документа m
937 Технологическая информация __
a Создатель записи (имя) Носкова
938 Служебная информация __
a Название организации Саранский филиал
952 Тип литературы __
c Вид литературы учебное пособие